Hodnotenie bonity klientov komerčných bánk bakalárska práca

Gespeichert in:
Bibliographische Detailangaben
1. Verfasser: Kováčiková, Nikoleta
Körperschaft: Národohospodárska fakulta EU. Katedra bankovníctva a medzinárodných financií
Weitere Verfasser: Šturc, Boris, 1961-
Format: Buch
Sprache:Slowakisch
Veröffentlicht: Bratislava 2013
Tags: Tag hinzufügen
Keine Tags, Fügen Sie das erste Tag hinzu!

MARC

LEADER 00000nbm a2200000 4500
001 0172481
005 20161109112055.3
041 0 |a slo 
044 |a SK 
245 1 0 |a Hodnotenie bonity klientov komerčných bánk  |b bakalárska práca  |c Nikoleta Kováčiková ; školiteľ: Boris Šturc 
264 1 |a Bratislava  |c 2013 
300 |a 35 s. 
100 1 |a Kováčiková, Nikoleta 
700 1 |a Šturc, Boris, 1961- 
710 2 |a Národohospodárska fakulta EU. Katedra bankovníctva a medzinárodných financií